000 00366 a2200133 4500
001 90402
082 _a891.55 TAS
090 _c42722
_d42722
100 _aTasadduq Hussain
245 _aHakayt e Roomi wa Saadi
_bSaada Aasaan Aur Dilchusp Asloob
_cDr Tasadduq Hussain
_hUrdu
260 _aLahore
_bRomail House
_c2010
300 _a175P.
500 _aGeneral Books
942 _aCAE NUST
_k891.55 TAS
999 _c325475
_d325475